00625nam a2200169 a 450000500170000000800410001702000180005805000290007624501200010525000120022526000340023730000110027144000380028250000510032065000440037165000400041520140412111235.0010116s19uu xx 00 eng d a0-385-41115-4 aTR(GS 372.19bW42.1 1991 aWhat your first grader needs to know :bfundamentals of a good first-grade education /cedited by E. D. Hirsch, Jr. a1st ed. aNew York :bDoubleday,c1991. a245 p. aThe Core-Knowledge Series, book 1 aIncludes bibliographical references and index. aFirst Grade (Education) - United States aCurriculum planning - United States